01498nam a2200313 i 4500001001000000003000900010005001700019007000300036008004100039040003000080041000800110082002300118111011000141245006700251260005700318300004400375336002700419337003300446338002800479500012900507590002600636650002700662910001500689942001300704952015600717952014400873952015001017999001701167000047653DO-SdBNP20260204083255.0ta180713s2016 dr a r 000 0 spa d aDO-SdBNPbspacBNPHUerda aspa 4aRD862.5bF418m2222 aFestival Internacional de Teatron2 :d(2017 Nov. 15-25 :cSanto Domingo, República Dominicana )97526410aFestival internacional de treatro :bmujeres sobre las tablas. aSanto Domingo :bFundación absoluto Teatro,c2017. a12 páginas :bilustraciones ;c22 cm. atextobtxt2rdacontent asin mediaciónbn2rdamedia avolumenbnc2rdacarrier aEn conmemoración del 25 de noviembre: Día Internacional de la No Violencia Contra la Mujer. País invitado: El Salvador aInventariado, 2019/BT 4aTeatro dominicano9637 aBtavárez 2ddccLF2 00102ddc56708DS-FaBNPHUbBNPHUcCTd2018-07-13eDepósito Legall0o BNPHU F-DS p47653-30r2020-06-25te. 3w2020-06-25yLF2ZPréstamo en sala 00102ddc51708PD-FaBNPHUbBNPHUcCTd2018-07-13eDepósito Legall0o BNPHU F-PD p47653-10r2020-06-25w2020-06-25yLF2ZNo se presta 00102ddc51708PD-FaBNPHUbBNPHUcCTd2018-07-13eDepósito Legall0o BNPHU F-PD p47653-20r2020-06-25te. 2w2020-06-25yLF2ZNo se presta c47141d47141